| 000 | 00406nam a2200157Ia 4500 | ||
|---|---|---|---|
| 008 | 230312s9999||||xx |||||||||||||| ||und|| | ||
| 020 | _a0-02-802833-3 | ||
| 082 |
_a621.3515 _bMAL-E |
||
| 100 | _aMalvino, Albert Paul. | ||
| 245 | 0 | _aElectronic Principles | |
| 260 |
_bMcGraw Hill _aNew York _c1999 |
||
| 300 | _a1012 | ||
| 546 | _aEng. | ||
| 650 |
_aEngineering _vIntroduction , Diode Theory |
||
| 942 | _cBK | ||
| 999 |
_c1566 _d1566 |
||